00343nam a2200133Ia 4500008004100000041000800041082001200049100002100061245002500082250001400107260005200121300003100173365000500204240624s9999 xx 000 0 und d aeng a657 ALB aALBRECHT W STEVE aFINANCIAL ACCOUNTING a(8th ed.) c2002aAustraliabSouth Western Thomson Learning axxx, : 671 : p. : cm. ; 28 c